=LDR 00000nam 2200000 4500 =001 INLIS000000000018057 =005 20130612113233 =008 ***********************************Ind** =035 ##$$a0010-061300000018057 =041 ##$$a Ind =082 ##$$a 371.4 =090 ##$$a 371.4, Pra d =100 ##$$a Prayitno =245 ##$$a Dasar-dasar bimbingan dan konseling, H. Prayitno =260 ##$$a 2004 $b Jakarta =300 ##$$a viii, 379 hlm, 23 cm =650 ##$$a Bimbingan Penyuluhan =850 ##$$a NBPNMAT =990 ##$$a 93122/BPAP-NTB/2014 =990 ##$$a 21197097/BPAP-NTB/2014 =990 ##$$a 21400613/BPAP-NTB/20142014 =990 ##$$a 0001/BPAP-NTB/20142014